To understand each other (Record no. 25038)
[ view plain ]
| 000 -LEADER | |
|---|---|
| fixed length control field | 00575nam a2200193Ia 4500 |
| 008 - FIXED-LENGTH DATA ELEMENTS--GENERAL INFORMATION | |
| fixed length control field | 200830s9999||||xx |||||||||||||| ||und|| |
| 020 ## - INTERNATIONAL STANDARD BOOK NUMBER | |
| International Standard Book Number | 0804222355 |
| 020 ## - INTERNATIONAL STANDARD BOOK NUMBER | |
| International Standard Book Number | 9780804222358 |
| 041 ## - LANGUAGE CODE | |
| Language code of text/sound track or separate title | eng |
| Language code of original | ger |
| 050 ## - LIBRARY OF CONGRESS CALL NUMBER | |
| Classification number | HQ739 |
| Item number | .T613 1967 |
| 100 ## - MAIN ENTRY--PERSONAL NAME | |
| Personal name | Tournier, Paul |
| 245 #0 - TITLE STATEMENT | |
| Title | To understand each other |
| Remainder of title | / |
| Statement of responsibility, etc. | Paul Tournier ; translated by John S. Gilmour. |
| 260 ## - PUBLICATION, DISTRIBUTION, ETC. | |
| Place of publication, distribution, etc. | Atlanta : |
| Name of publisher, distributor, etc. | John Knox Press, |
| Date of publication, distribution, etc. | 1996, c1962 |
| 300 ## - PHYSICAL DESCRIPTION | |
| Extent | 63 p. |
| Other physical details | ; |
| Dimensions | 21 cm. |
| 500 ## - GENERAL NOTE | |
| General note | Translation of: Difficultés conjugales. |
| 650 ## - SUBJECT ADDED ENTRY--TOPICAL TERM | |
| Topical term or geographic name entry element | Marriage. |
| 700 ## - ADDED ENTRY--PERSONAL NAME | |
| Personal name | Gilmour, John S. |
| Withdrawn status | Lost status | Damaged status | Not for loan | Home library | Current library | Shelving location | Date acquired | Total Checkouts | Full call number | Barcode | Date last seen | Price effective from | Koha item type |
|---|---|---|---|---|---|---|---|---|---|---|---|---|---|
| GETS Theological Seminary Library | GETS Theological Seminary Library | General Stacks | 08/30/2020 | HQ739 .T613 1967 | 00012918 | 08/30/2020 | 08/30/2020 | English Books |